History Quiz

Random History or Clickable Quiz
Score 0/20 Timer 04:00
0 Plays Today
% Correct
John Wilkes Booth
92.2%
George H.W. Bush
89.6%
James Buchanan
89.4%
Joe Biden
88.5%
Aaron Burr
85%
Clara Barton
84.5%
Ben Bernanke
72.8%
Jim Bowie
72.1%
John Brown
70.6%
William Jennings Bryan
64.6%
% Correct
Omar Bradley
64.3%
Elizabeth Blackwell
63.4%
Ambrose Burnside
58.8%
Louis Brandeis
56.8%
William Bradford
49.4%
Nellie Bly
49.1%
Mathew Brady
46.6%
Nathaniel Bacon
46.3%
John Breckinridge
41.8%
William Berkeley
27.6%
Remove Ads.
Support Sporcle.
Get the best of Sporcle when you Go Orange. This ad-free experience offers more features, more stats, and more fun while also helping to support Sporcle. Thank you for becoming a member.

You're not logged in!

Compare scores with friends on all Sporcle quizzes.
OR
Log In

Sporcle TV

Today on Sporcle TV


Watch our educational content, quiz creation guides, and fun videos on Sporcle TV.

Show Comments

Extras

Top Quizzes Today


Score Distribution

Paid Content

Your Account Isn't Verified!

In order to create a playlist on Sporcle, you need to verify the email address you used during registration. Go to your Sporcle Settings to finish the process.

Report this User

Report this user for behavior that violates our Community Guidelines.

Details: